| 000 | 00612nam a2200181Ia 4500 | ||
|---|---|---|---|
| 003 | IN-BaIIA | ||
| 008 | 211028s9999 xx 000 0 eng d | ||
| 040 | _cIIA Library | ||
| 080 |
_a517.944 _bJEF |
||
| 100 | _aJeffreys, Harold | ||
| 245 | 0 |
_aOperational methods in mathematical physics _cHarold Jeffreys |
|
| 260 |
_aCambridge _bCambridge University Press _c1927 |
||
| 300 | _avi, 99p. | ||
| 490 | _aCambridge tracts in mathematics and mathematical physics; v. 23 | ||
| 650 |
_aOperations Research _91657 |
||
| 650 |
_aPartial Differential Equations _91658 |
||
| 942 | _cBK | ||
| 999 |
_c772 _d772 |
||